[Event "St Petersburg-ch"]
[Site "St Petersburg"]
[Date "2001.04.21"]
[Round "11"]
[White "Utkin, Aleksey"]
[Black "Karasev, Vladimir I"]
[Result "1-0"]
[WhiteElo "2345"]
[BlackElo "2420"]
[Annotator "Hazai,L"]
[PlyCount "115"]
[EventDate "2001.04.10"]
[EventType "tourn"]
[EventRounds "11"]
[EventCountry "RUS"]
[EventCategory "9"]
[SourceTitle "CBM 083"]
[Source "ChessBase"]
[SourceDate "2001.07.05"]
[SourceVersion "1"]
[SourceVersionDate "2001.07.05"]
[SourceQuality "1"]

1. d4 Nf6 2. Nf3 g6 3. Bg5 Bg7 4. Nbd2 d6 5. c3 {White is not playing actively
enough to gain the maximum space in the [+]. This setup is solid, safe, but
cannot yield a real advantage for White.} O-O 6. e4 h6 {Now the white B has to
leave the important c1-h6 /^.} 7. Bh4 Qe8 {Black is preparing for e7-e5
leaving the pin on the h4-d8 /^.} 8. Be2 (8. Bd3 Nh5 $5 {is the same idea, as
in the previous lines not allowing the manoeuvre Re1 and Bf1.} (8... e5 9. dxe5
(9. O-O Nh5 {This is Black's main idea here. He wants to occupy the important
f4 square for his N, or exchange White's dark-squared B.} 10. dxe5 (10. Re1 $5
{vacating the square f4 for the retreat of his B.}) 10... Nf4 $1 {not allowing
White to retreat to f1.} (10... dxe5 11. Re1 Nd7 (11... Nf4 12. Bf1 {is
White's idea, but even here the chances are level. The N on f4 looks ideal,
and White's dark-squared B belongs to e3 in this symmetrical central P
formation attacking both flanks.}) 12. b4 {White has some pressure on the <<.}
a5 13. a3 Nb6 14. Qc2 Bg4 15. Bf1 Ra7 {Black's setup seems to be a bit
sophisticated.} 16. h3 Be6 17. Nb3 Qa4 18. Nfd2 Rfa8 19. f3 Bf6 20. Bf2 Bg5 21.
Qb2 {/\ Nc5} axb4 22. cxb4 $14 {Gausel-Dannevig, Norway 1996}) 11. Bc4 dxe5 {
- 8.Be2}) 9... dxe5 10. O-O Nbd7 (10... Nh5 $5 {deserves again serious
attention.}) 11. Re1 Nc5 12. Bf1 Bg4 {Soon or later this B has to retreat,
because the exchange for the f3 N is not advisable from strategical point of
view.} 13. Qe2 (13. Qc2) 13... Nh5 14. Qe3 Ne6 15. Nc4 Nef4 {Black's
concentration of pieces on the >> is impressive, but it is not easy to find a
weakness there.} 16. b4 b6 17. a4 Qe6 18. Nfd2 {White hass to play carefully!}
(18. a5 $2 {founders on} Nxg2 $1 19. Kxg2 Bh3+ $19) 18... g5 (18... Bf6 $6 19.
Bxf6 (19. Bg3 Bg5 $1) 19... Qxf6 20. g3 {Torre}) 19. Bg3 Qg6 20. a5 {White is
not afraid of the black |^ on the >> .} Rad8 21. axb6 axb6 22. Ra7 Rd7 23. h3
Be6 24. Nf3 $14 {Torre-Gutman, Biel (izt) 1985 40/82}) 9. O-O Nf4 10. Bc4 {
- 8.Be2} (10. Bc2 e5 11. Re1 Nc6 12. Nc4 Bg4 {Here Black has a strong pressure
on >< d4.} 13. Ne3 Bxf3 14. Qxf3 exd4 15. Nf5 g5 16. Bg3 Ne5 17. Qd1 dxc3 18.
bxc3 Neg6 $15 {securing Black's material advantage, Kosic-Mozetic, Novi Sad
1995.})) (8. Bc4 {In case of the typical central battle e5, dxe5 dxe5 the B is
ideally posted on the a2-g8 /^, although a N is also strong on c4.} Nc6 (8...
e5 9. dxe5 dxe5 10. O-O Nh5 11. Re1 Nc6 (11... Nd7 12. a4 Nf4 13. Qc2 Nf6 14.
a5 {As it was mentioned before, White's chances lie on the <<.} a6 15. Qb3 N6h5
16. Qb4 Qd7 17. Rad1 Qg4 {Black's efforts to bring all the pieces to the >> do
not pay well, because without a P -> White's K is safe.} 18. Bf1 Re8 19. Kh1
Rb8 20. Qc5 b5 21. Qxc7 Bb7 22. Qc5 Ne6 23. Qe3 $16 {with a healthy P up,
Malaniuk-Asanov, Alma-Ata 1989.}) 12. b4 Kh8 (12... Nf4 13. Qc2 a5 14. a3 Be6
15. Bf1 {Now the N will occupy the vital c4 square.} Ra7 {This seems to be
sophysticated again.} 16. b5 Nd8 17. a4 g5 18. Bg3 Qe7 19. Nc4 Qc5 20. Ne3 {
>< d5, f5} Ra8 21. Nd2 Bf6 22. f3 b6 23. Bf2 $16 {Rashkovsky-Sulypa, Ubeda 1996
}) 13. Nb3 Nf4 14. Nfd2 f5 15. f3 g5 16. Bf2 $14 {Cifuentes Parada-Reinderman,
Rotterdam 1999}) (8... b5 $5 {/\ Bb7} 9. Bd3 Bb7 (9... c5 10. a4 $14) 10. a4
$14 {>< b5}) 9. O-O e5 10. dxe5 Nxe5 $1 {The N on c6 is without play in this P
structure, so it is useful to exchange it.} 11. Nxe5 dxe5 12. Re1 Nh5 13. a4
Bf6 {The exchange of the dark-squared B helps Black in this structure.} 14.
Bxf6 Nxf6 15. a5 Bd7 16. Qe2 Qe7 17. Qe3 Kg7 18. Bf1 Rfd8 19. Nc4 Bb5 20. Red1
Bxc4 $11 {Malaniuk-Romanishin, Kherson 1989}) 8... Nh5 {The idea is again the
same to occupy >< f4 as soon as possible.} (8... e5 9. dxe5 dxe5 10. O-O Nh5 $1
{- 8...Nh5} (10... Nbd7 11. Re1 Nh5 12. Nc4 Nc5 13. Bf1 a5 14. Nfd2 Nf4 15. Nb3
Na4 16. Qc2 b6 {Now the N on a4 is completely out of play.} 17. Rad1 Qc6 18.
Na3 Ba6 19. Bxa6 Rxa6 20. Bg3 $14 {Kovacevic-Gallagher, Baku 1988}) (10... Nc6
{The N on c6 has no perspectives here, as it was mentioned before.} 11. Qc2 Nh5
12. Rfe1 g5 {This seriously weakens >< f5.} 13. Bg3 Nf4 14. Bf1 Qe7 15. Nc4 {
/\ Ne3 ><d5, f5.} Bg4 16. Nfd2 h5 17. Ne3 Be6 18. Rad1 Qf6 19. Ndc4 Ne7 20. Nd5
$1 $14 {Bischoff-Jo.Horvath, Graz 1987})) (8... Nc6 $5 9. d5 (9. O-O e5 10.
dxe5 {is again met by the standard} Nxe5 $1 11. Nxe5 dxe5 $11) 9... Nb8 {
Now Black has lost some tempi, but White's pieces are not well-placed in the
changed central P structure.} (9... Ne5 10. Nxe5 dxe5 11. O-O e6 12. c4 exd5
13. cxd5 $14) 10. O-O c6 $13) 9. O-O ({Withdrawing deliberately the B by} 9.
Bg3 {cannot be recommended.} e5 10. dxe5 dxe5 11. O-O Nd7 12. Re1 Nc5 13. Bf1
Bg4 14. h3 $6 Nxg3 15. fxg3 Bd7 16. Qc2 a5 17. Rad1 Bc6 $15 {Lisovskaya-Sax,
Budapest 1996}) 9... Nf4 (9... e5 10. dxe5 dxe5 11. Re1 Be6 (11... Nf4 12. Bf1)
12. Nc4 Nd7 13. Nfd2 $5 (13. Bf1 $6 f6 {/\ Qf7} 14. Nfd2 Qf7 $11 15. b4 Rfe8
16. Ne3 {1/2-1/2 Delemarre-Reschke, Schoeneck 1996}) (13. b4 $5 {Tyomkin})
13... Nf4 14. Bf1 Nc5 {attacking >< d3} 15. Qc2 (15. b4 {Tyomkin} Ncd3 16. Re3
g5 $5 17. Bxd3 (17. Bg3 Rd8 {with a strong N on d3.}) 17... gxh4 $132) 15... a5
16. Ne3 (16. a4 $6 g5 17. Bg3 Qc6 $132) 16... b5 17. b4 (17. Nb3 Qc6 18. f3 a4
19. Nxc5 Qxc5 20. Bf2 Qc6 $11) 17... Na4 18. Nb3 axb4 19. cxb4 c6 {
(Tyomkin-Ilincic, EUCup final 1999 CBM 69 Inf.75/(51))} 20. Rac1 $1 {Tyomkin}
Ra6 21. Red1 Qb8 22. Be7 Rc8 23. Bd6 Qa8 $11) 10. Bc4 e5 (10... b5 11. Bb3 c5 {
is again met by the weakening move} 12. a4 $14 (12. Bg3 Nh5 13. Bd5 Nxg3 14.
hxg3 Nc6 15. a4 e6 $132)) (10... Nc6 $5 {/\ e5 deserves serious attention
again.} 11. Re1 e5 {- 10...e5}) 11. dxe5 (11. Re1 Nc6 12. Nb3 (12. dxe5 Nxe5 $5
{Now it is possible again!} (12... dxe5 13. Qc2 Kh8 {/\ f5} 14. Rad1 f5 {
If White cannot punish Black immediately in the [+], then Black's plan is OK.}
15. Bg3 g5 16. Bxf4 exf4 17. exf5 Bxf5 18. Bd3 Bxd3 19. Qxd3 Qf7 20. Qb5 $11 {
Epishin-Wan Wely, Bern 1993}) 13. Nxe5 dxe5 $11) 12... Kh8 13. Bf1 g5 14. Bg3
Bg4 15. Bxf4 exf4 16. Qd3 Rd8 17. Nbd2 Bc8 18. b4 Ne7 19. Qc4 Ng6 20. h3 Qe7
$13 {Black has good counterchances on the >>, Rahman-Kunte, Guntur 2000.}) (11.
Bg3 Nh5 (11... Nc6 {allows White to get an advantage in the [+].} 12. Bxf4 exf4
13. Re1 {Both central pawns are well-protected.} Ne7 14. h3 c5 15. dxc5 dxc5
16. e5 b5 17. Bf1 Be6 18. c4 b4 19. Ne4 $16 {Radjabov-Jonker, Groningen 1999})
12. Bh4 Nf4 $11 {with repetition of moves.}) 11... dxe5 12. a4 a5 13. Qc2 (13.
Bg3 Nh5 14. Bh4 Nf4 $11 {is again the same motif of repetition.}) 13... Nd7 (
13... Nc6 $143 14. Rfd1 $14 {and the N on c6 has no bright future.}) 14. Bb5 {
trying to provoke some weakness.} (14. b4 Nb6 15. Bb3 Be6 $132) ({The standard
} 14. Rfe1 $5 {looks more flexible.}) 14... Qe6 ({There was nothing wrong with
the "weakening move"} 14... c6 {for example:} 15. Bc4 Nb6 16. Bb3 Be6 $11) 15.
Rfe1 Nc5 (15... Nb6 16. Rad1) 16. b4 {Now White gets some chances on the <<.}
Qg4 {Later on the Q will be completely cut off from the << without any sign of
a >> ->.} 17. Bg3 axb4 (17... Nce6 18. Bf1 Rd8 (18... axb4 19. cxb4 {- 17...
axb4})) 18. cxb4 Nce6 19. Bf1 Rd8 (19... Bd7 20. a5 {/\ b5 and creating a
remote o^ on the a <->.}) 20. Rad1 (20. a5 c6) 20... Bd7 21. a5 Be8 (21... c6
22. Nc4 $14 {trying to exploit the weaknesses of b6 and d6.}) (21... c5 22. Nc4
Nd4 23. Nxd4 cxd4 24. Nb6 $16) 22. Qc3 {Black's concentration of pieces on the
>> looks frightening, but it is harmless.} (22. Nc4 Qh5 23. Ne3 Rxd1 24. Rxd1
c5 {blows up White's P chain.}) 22... Qh5 (22... Ba4 23. Ra1 Be8 24. b5 $14 {
was probably the lesser evil for Black.}) 23. b5 c6 24. b6 $16 {Now White has
very good perspectives in the _|_ to create a remote o^.} Nd4 25. Ra1 g5 26.
Nb3 Nxf3+ $6 (26... Nxb3 27. Qxb3 $16) 27. gxf3 {White's >> is seemingly
corrupted, but Black is unable to produce real threats against the K.} Ne6 28.
Bxe5 Bxe5 29. Qxe5 Qxf3 30. Re3 Qf4 (30... Qh5 31. a6 $16) 31. Qxf4 {After
exchanging the queens Black's last hopes are vanishing.} gxf4 32. Rc3 Rab8 33.
Bc4 $18 Bd7 34. Rd3 (34. Bxe6 Bxe6 35. Nc5) 34... Bc8 35. Rxd8+ Nxd8 36. Nc5 {
[#] This domination of pieces deserves a diagram!} Kf8 37. Kg2 Ke7 38. e5 Be6
39. Ra4 Bxc4 40. Rxc4 Ne6 41. Kf3 Nxc5 42. Rxc5 Kd7 43. Kxf4 Rg8 44. h4 Rg2 45.
f3 Ra2 46. Kf5 Ra3 47. f4 Ra4 48. h5 Rb4 49. Rc3 Ra4 50. Rg3 c5 51. Rg7 Rxa5
52. Rxf7+ Kc6 53. Rf6+ Kb5 54. e6 Kc6 55. Kg6 c4 56. e7+ Kd7 57. Kf7 Ra8 58.
Re6 1-0

[Event "CUB-ch"]
[Site "Holguin"]
[Date "2002.04.01"]
[Round "2"]
[White "Gomez Fontal, Felix Manuel"]
[Black "Arencibia Rodriguez, Walter"]
[Result "0-1"]
[WhiteElo "2406"]
[BlackElo "2542"]
[Annotator "Hazai,L"]
[PlyCount "101"]
[EventDate "2002.03.31"]
[EventType "tourn"]
[EventRounds "17"]
[EventCountry "CUB"]
[EventCategory "9"]
[SourceTitle "CBM 089"]
[Source "ChessBase"]
[SourceDate "2002.08.12"]
[SourceVersion "1"]
[SourceVersionDate "2002.08.12"]
[SourceQuality "1"]

1. d4 Nf6 2. Nf3 g6 3. Bg5 Bg7 4. Nbd2 O-O 5. e4 d6 6. Be2 h6 7. Bh4 c5 8. dxc5
dxc5 9. O-O Nc6 10. c3 Nh5 {Black is fighting for the dark squares.} 11. Re1 (
11. Qc2 {Stohl} Nf4 12. Bb5 Bd7 $132) (11. Nb3 b6 {Now the N is badly placed
on b3.} 12. Qc1 Qc7 13. Qe3 Bb7 14. Rad1 Rad8 15. Bc4 g5 {Black wants to get
finally the ^^.} 16. Rxd8 Rxd8 17. Bg3 Nxg3 18. hxg3 e6 $15 {Annaberdiev-A.
Kuzmin, Dubai 2002}) (11. Bg3 {deliberately gives up the ^^.} Nxg3 12. hxg3 Qc7
13. Qc2 Be6 14. Nc4 Rfd8 15. Rfd1 Na5 $11 {Gokhale-Konguvel, Nagpur 2002})
11... Qc7 12. Qc2 Bg4 {Black wants to provoke h3, after which the B on h4 has
some problems.} (12... Be6 13. Nc4 (13. a4 Na5 $1 {putting pressure on the
weakened light squares on the <<.} 14. Rad1 Rfd8 15. Bg3 Nxg3 16. hxg3 a6 17.
Bf1 c4 {Black gets some space on the <<.} 18. Nh4 Rd7 19. Ndf3 Rad8 20. Rxd7
Qxd7 21. Be2 Nb3 22. Rd1 Qe8 23. Rxd8 Qxd8 24. Qd1 Qa5 $36 {Beliakov-Kuljabin,
Budapest 1995}) 13... Rad8 14. Ne3 (14. a4 $5 $10 {Stohl}) 14... Rd7 $1 15.
Rad1 (15. Bc4 Bxc4 16. Nxc4 b5 17. Ne3 e6 18. Rad1 Rxd1 19. Rxd1 Bf6 20. Bxf6
Nxf6 {The position is now completely equal.} 21. a4 a6 22. axb5 axb5 23. Nd2
Rd8 {1/2-1/2 Jussupow-Stohl, Germany chT 1998}) 15... Rfd8 16. Rxd7 Rxd7 17.
Bb5 $5 (17. a4 {Stohl} Na5) (17. Rd1 $6 {Stohl} Rxd1+ 18. Nxd1 (18. Qxd1 {
allows} Bxa2 19. b3 Qa5 $17) 18... c4 $15 (18... Bxa2 $5 19. b3 Qa5)) 17... a6
18. Bxc6 Qxc6 $15 {with better prospects for Black due to the ^^, Zhang
Zhong-Stohl, Beijing 1996 CBM 55.}) (12... Na5 {is also a logical plan, the N
on c6 is not well-placed.} 13. Nc4 Nxc4 14. Bxc4 Bg4 15. Nd2 g5 16. Bg3 Nxg3 {
^^} 17. hxg3 Rad8 $13 {Sharif-Vladimirov, Dubai 2000}) 13. a4 (13. h3 Be6 {
/\ g5} 14. Nh2 Bf6 15. Bxf6 Nxf6 16. Nhf3 Rad8 $11 {and Black has completely
evened out.} 17. Bc4 Bxc4 18. Nxc4 b5 19. Ne3 Ne5 20. Nxe5 Qxe5 21. Nd5 Nxd5
22. exd5 Qxd5 23. Rxe7 {I.Sokolov-Tkachiev, Neum blitz 2000}) (13. Bg3 Nxg3 14.
hxg3 Rfd8 15. a4 Rd7 16. Nc4 Rad8 17. Rad1 Rxd1 {1/2-1/2 S.Kovacevic-Psakhis,
Andorra 1997, although it is only Black who can continue the fight without any
risk.}) 13... Rad8 14. Bb5 (14. h3 Be6 $5 $13 {is the logical way of
continuing the fight.} (14... Bxf3 {is not that impressive, although Black has
no problems even here.} 15. Nxf3 (15. Bxf3 Qf4 $1) 15... g5 16. Nh2 Be5 (16...
Nf4 17. Bg3 Be5 18. Bxf4 Bxf4 19. Nf3 $11) 17. Nf1 Nf4 18. Bg3 $11)) 14... Ne5
(14... g5 $142 {was better to secure the ^^.} 15. Bg3 Nxg3 16. hxg3 a6 $15) 15.
Nxe5 Bxe5 16. Bg3 $6 {There is no need to hurry with this concession.} (16. Nf1
g5 (16... c4 $5 17. Bxc4 (17. Ne3 Be6) 17... Qxc4 18. Bxe7 Nf4 19. Ne3 (19.
Bxf8 Kxf8 20. Ne3 Qc8 $11) 19... Qc8 20. Bxf8 Kxf8 $11) 17. Bg3 (17. Be2 Bxe2
18. Qxe2 Nf4 19. Qg4 Qd7 $15) 17... Nxg3 18. hxg3 Be6 {and again only Black
can be better.}) 16... Nxg3 17. hxg3 Bg7 $15 {Black has the active ^^ and a
comfortable position without any weaknesses.} 18. Nf1 $2 (18. Bc4 Rd7 19. Nf1
$15) 18... c4 $1 {Now the B is in trouble!} 19. Ne3 Be6 20. Qe2 Rc8 21. a5 (21.
Nd5 Bxd5 22. exd5 Bf6 $17 {/\ a6}) 21... Qc5 22. Ba4 Rfd8 23. f4 Rc7 24. Red1
Rxd1+ 25. Bxd1 {White has to keep an eye on the weak a5 P.} (25. Rxd1 Qxa5 $19)
25... Bd7 $1 (25... Bg4 26. Qf2 Bxd1 {is not logical at all.} 27. Nxd1) 26. Qf2
(26. Bc2 $5 e6 27. e5 Bb5 28. Kf1 Rd7 29. Ng4) 26... e6 27. e5 Bb5 28. Be2 (28.
Bc2 Bf8 {/\ Bc5 activating the B on the g1-a7 /^.} 29. Rd1 Rd7 30. Ra1 Qc6 $15
{/\ Bc5}) 28... Bf8 29. Nc2 Rd7 30. Rd1 $2 {Now the weak a P will inevitabily
fall.} (30. Nd4 {looked better covering at least temporarily the d <-> and the
g1-a7 /^.} Ba6 (30... Bc6) 31. Kf1 Qc7 32. Bf3 Bc5 $15) 30... Rxd1+ 31. Bxd1
Qc7 32. Nd4 (32. Qf3 Ba6 {>< a5}) 32... Bc5 33. Bf3 Ba6 34. Qd2 Qxa5 $19 {
Now Black is a healthy P up with a strong ^^, the game is over.} 35. Kh2 Qd8
36. Qe3 Qd7 37. Qe4 h5 38. g4 hxg4 39. Bxg4 Bxd4 40. cxd4 Bb5 41. Be2 Bc6 42.
Qe3 b5 43. Kg3 Qb7 44. f5 exf5 45. e6 Qe7 46. Bf3 Bxf3 47. Qxf3 fxe6 48. Qa8+
Kg7 49. Kf3 Qd7 50. Ke3 g5 51. Qb8 0-1